00273nam a2200109Ia 4500008004000000082001600040100000800056245003300064260003700097300000700134650002200141210210b1968 xxu||||| |||| 00| 0 eng d a613.71 BOBH aBOB aHow to increase your height. aIndia.bKiran Publication,c1968 a46 aIncrease Height